50 most populated islands in Mediterranean Quiz Stats

Quiz not verified by Sporcle

Challenge
Share
Tweet
Embed
Score 0/50 Timer 10:00
0 Plays Today
Population Island % Correct
4,937,301Sicily
95.8%
953,737Cyprus
92.5%
594,282Crete
92.5%
1,602,406Sardinia
91.9%
260,196Corsica
89.9%
372,986Malta
87.8%
777,821Mallorca
83.1%
86,697Menorca
75.8%
115,334Rhodes
74.8%
111,107Ibiza
73.3%
90,436Lesbos
71.3%
107,514Corfu
60.7%
13,447Santorini
44.4%
30,838Kos
41.2%
24,988Elba
41.2%
191,009Evia
40.5%
17,357Naxos
37%
31,049Gozo
34.4%
9260Mykonos
34.4%
12,919Capri
33.3%
38,825Zakynthos
32%
33,999Samos
29.9%
34,544Kefalonia
29.7%
17,860Krk
29.2%
51,773Chios
28.5%
Population Island % Correct
139,544Djerba
23.2%
11,103Hvar
23.1%
12,514Paros
22.5%
17,545Lemnos
22.4%
13,446Thasos
21.5%
9285Andros
18.3%
20,295Lefkada
17.3%
16,182Korcula
16.8%
14,031Brac
16.5%
56,105Ischia
14.5%
8677Lipari
13.1%
8354Ikaria
12.7%
8398Pag
12.2%
12,716Aegina
10.2%
9480Rab
10.1%
8875Gokceada
9.4%
19,793Syros
9.3%
16,368Kalymnos
9%
34,975Salamina
6.9%
11,275La Maddalena
5.2%
9446Marmara
5.2%
10,575Procida
4.7%
11,670Sant'Antioco
4.6%
10,000Arwad
4.1%
14,400Kerkennah
3.4%

You're not logged in!

Compare scores with friends on all Sporcle quizzes.
Sign Up with Email
OR
Log In

You Might Also Like...

Show Comments

Extras

Top Quizzes Today


Score Distribution

Your Account Isn't Verified!

In order to create a playlist on Sporcle, you need to verify the email address you used during registration. Go to your Sporcle Settings to finish the process.